[Event "Prague Golden op 11th"]
[Site "Prague"]
[Date "2015.06.23"]
[Round "4"]
[White "Benes, Petr1"]
[Black "Silhavy, Josef"]
[Result "1-0"]
[WhiteElo "2041"]
[BlackElo "1645"]
[PlyCount "79"]
[EventDate "2015.06.21"]
[EventType "swiss"]
[EventRounds "9"]
[EventCountry "CZE"]
[SourceTitle "EXT 2017"]
[Source "ChessBase"]
[SourceDate "2016.10.25"]
[SourceVersion "1"]
[SourceVersionDate "2016.10.25"]
[SourceQuality "1"]

1. c4 Nf6 2. Nc3 e5 3. g3 Be7 4. Bg2 0-0 5. Nf3 d6 6. d4 Nbd7 7. 0-0 c6 8. Qc2 Qc7 9. h3 Re8 10. e4 Bf8 11. Be3 g6 12. Rfd1 Bg7 13. b4 b6 14. Rac1 Bb7 15. Qb3 exd4 16. Nxd4 a6 17. Nde2 Rad8 18. g4 c5 19. Ng3 Ne5 20. Nd5 Bxd5 21. cxd5 c4 22. f4 cxb3 23. Rxc7 Rd7 24. Rc3 Nexg4 25. hxg4 Nxg4 26. Rxb3 Nxe3 27. Rxe3 f5 28. Red3 Bh6 29. exf5 Bxf4 30. fxg6 hxg6 31. Bh3 Rde7 32. Be6+ Kg7 33. Ne2 Be5 34. Nd4 Rh8 35. Nc6 Bh2+ 36. Kg2 Ree8 37. Rf1 Ref8 38. Rxf8 Kxf8 39. Rf3+ Bf4 40. Rxf4+ 1-0

[Event "Prague Golden op 11th"]
[Site "Prague"]
[Date "2015.06.22"]
[Round "2"]
[White "Silhavy, Josef"]
[Black "Chaloupka, Josef"]
[Result "1-0"]
[WhiteElo "1645"]
[BlackElo "1730"]
[PlyCount "119"]
[EventDate "2015.06.21"]
[EventType "swiss"]
[EventRounds "9"]
[EventCountry "CZE"]
[SourceTitle "CBM 167 Extra"]
[Source "ChessBase"]
[SourceDate "2015.09.14"]
[SourceVersion "1"]
[SourceVersionDate "2015.09.14"]
[SourceQuality "1"]

1. e4 e5 2. Nf3 Nc6 3. Bb5 Bc5 4. c3 Nge7 5. d4 exd4 6. cxd4 Bb4+ 7. Nc3 a6 8. Ba4 0-0 9. 0-0 Ng6 10. a3 Bxc3 11. bxc3 b5 12. Bc2 Na5 13. a4 c6 14. Re1 Nc4 15. axb5 cxb5 16. e5 Qc7 17. Be4 Bb7 18. Bxb7 Qxb7 19. Qd3 Qc7 20. Ng5 Qc6 21. Qe4 h6 22. Qxc6 dxc6 23. Ne4 Rfd8 24. Nc5 a5 25. f4 Ne7 26. Rf1 Nd5 27. Rf3 a4 28. f5 Na5 29. f6 gxf6 30. exf6 Rd6 31. Rg3+ Kh8 32. Bxh6 Nxf6 33. Bf4 Rd5 34. Be5 Rxe5 35. dxe5 Nd5 36. Rf3 Nc4 37. Rxf7 Nxe5 38. Rf5 Nc4 39. Ne4 Re8 40. Rh5+ Kg7 41. Rh4 Nde3 42. Ra2 Rd8 43. Rh3 Ng4 44. Nf2 Nxf2 45. Kxf2 Rd2+ 46. Rxd2 Nxd2 47. Re3 Kf7 48. Rd3 Ne4+ 49. Ke3 Nc5 50. Rd2 Ke6 51. h4 Kf5 52. Rf2+ Kg4 53. Rf4+ Kg3 54. h5 Ne6 55. Rf2 Ng5 56. h6 Kg4 57. Rf6 c5 58. Rg6 Kh5 59. Rxg5+ Kxh6 60. Rxc5 1-0

[Event "Ricany op-B"]
[Site "Ricany"]
[Date "2008.08.24"]
[Round "3"]
[White "Studnicka, Patrik"]
[Black "Silhavy, Josef"]
[Result "1-0"]
[WhiteElo "1250"]
[BlackElo "1633"]
[PlyCount "51"]
[EventDate "2008.08.23"]
[EventType "swiss"]
[EventRounds "9"]
[EventCountry "CZE"]
[SourceTitle "CBM 126 Extra"]
[Source "ChessBase"]
[SourceDate "2008.11.05"]
[SourceVersion "1"]
[SourceVersionDate "2008.11.05"]
[SourceQuality "1"]

1. Nf3 Nf6 2. d4 g6 3. c3 Bg7 4. g3 0-0 5. e3 d6 6. Bg2 Nbd7 7. Nbd2 Re8 8. 0-0 e5 9. dxe5 Nxe5 10. Nxe5 dxe5 11. Nf3 Nd7 12. e4 Qe7 13. Bg5 f6 14. Qd5+ Kh8 15. Be3 c6 16. Qd2 b6 17. Rfd1 Bf8 18. g4 Nc5 19. Bxc5 Qxc5 20. a3 Bxg4 21. h3 Bxf3 22. Bxf3 Qe7 23. Bg4 Rad8 24. Qe2 Rxd1+ 25. Rxd1 c5 26. Rd7 1-0

[Event "Ricany op-B"]
[Site "Ricany"]
[Date "2007.08.26"]
[Round "2"]
[White "Silhavy, Josef"]
[Black "Jaros, Ladislav"]
[Result "0-1"]
[WhiteElo "1655"]
[BlackElo "1765"]
[PlyCount "105"]
[EventDate "2007.08.25"]
[EventType "swiss"]
[EventRounds "9"]
[EventCountry "CZE"]
[SourceTitle "EXT 2010"]
[Source "ChessBase"]
[SourceDate "2010.11.25"]
[SourceVersion "1"]
[SourceVersionDate "2010.11.25"]
[SourceQuality "1"]

1. e4 e5 2. Nf3 d6 3. d4 exd4 4. Nxd4 h6 5. Nc3 a6 6. a4 c6 7. Be2 g6 8. 0-0 Bg7 9. Kh1 Nf6 10. f3 Nbd7 11. a5 Nc5 12. b4 Ne6 13. Be3 0-0 14. Qd2 Nxd4 15. Bxd4 Nh7 16. Bxg7 Kxg7 17. Na4 Be6 18. Nb6 Rb8 19. c4 Re8 20. Rad1 Qf6 21. Qc2 Rbd8 22. Rd2 Qe7 23. Rfd1 d5 24. Qb2+ Kg8 25. cxd5 cxd5 26. Nxd5 Bxd5 27. Rxd5 Rxd5 28. Rxd5 Rd8 29. Rxd8+ Qxd8 30. Qc3 Nf8 31. g3 Ne6 32. Kg2 Qd7 33. h4 h5 34. f4 Qc7 35. Qxc7 Nxc7 36. Kf3 Ne6 37. Ke3 Nd8 38. Kd4 Kf8 39. e5 Ke7 40. g4 Ne6+ 41. Ke4 hxg4 42. Bxg4 Nd8 43. Kd5 Nc6 44. Kc5 Kd8 45. Bf3 Kc7 46. h5 gxh5 47. Bxh5 Nd8 48. f5 Nc6 49. e6 fxe6 50. fxe6 Ne7 51. Bf3 Nc8 52. Kd5 b6 53. Ke5 0-1

[Event "Ricany op-B"]
[Site "Ricany"]
[Date "2006.08.27"]
[Round "4"]
[White "Silhavy, Josef"]
[Black "Riha, Frantisek"]
[Result "1-0"]
[WhiteElo "1648"]
[BlackElo "1548"]
[PlyCount "59"]
[EventDate "2006.08.24"]
[EventType "swiss"]
[EventRounds "9"]
[EventCountry "CZE"]
[SourceTitle "EXT 2007"]
[Source "ChessBase"]
[SourceDate "2006.11.23"]
[SourceVersion "1"]
[SourceVersionDate "2006.11.23"]
[SourceQuality "1"]

1. e4 e5 2. Nf3 d6 3. c3 Nf6 4. d3 Be7 5. Be2 Nc6 6. 0-0 h6 7. Qc2 Qd7 8. a3 Qe6 9. c4 0-0 10. Nc3 Nd8 11. Nd5 Nxd5 12. cxd5 Qd7 13. b4 f5 14. d4 exd4 15. Nxd4 c6 16. dxc6 bxc6 17. Bc4+ Kh8 18. Nxf5 Rxf5 19. exf5 Qxf5 20. Bd3 Qf8 21. Bb2 Bd7 22. Rae1 Ne6 23. Bf5 Qf7 24. Bxe6 Bxe6 25. Qxc6 Rc8 26. Qe4 Bc4 27. Qxe7 Qxe7 28. Rxe7 Bxf1 29. Kxf1 Rc2 30. Bxg7+ 1-0

[Event "Ricany op-B"]
[Site "Ricany"]
[Date "2006.08.24"]
[Round "1"]
[White "Fejt, Marek"]
[Black "Silhavy, Josef"]
[Result "0-1"]
[WhiteElo "100"]
[BlackElo "1648"]
[PlyCount "66"]
[EventDate "2006.08.24"]
[EventType "swiss"]
[EventRounds "9"]
[EventCountry "CZE"]
[SourceTitle "EXT 2007"]
[Source "ChessBase"]
[SourceDate "2006.11.23"]
[SourceVersion "1"]
[SourceVersionDate "2006.11.23"]
[SourceQuality "1"]

1. e4 c5 2. d4 cxd4 3. Qxd4 Nc6 4. Qd1 a6 5. Nc3 e6 6. a3 Qc7 7. Nf3 Nf6 8. g3 d6 9. Bh3 h6 10. Be3 b5 11. 0-0 Bb7 12. Qd3 Na5 13. Nd2 Be7 14. f3 0-0 15. a4 b4 16. Na2 Nc6 17. Nc4 d5 18. exd5 exd5 19. Nb6 Rad8 20. a5 Nxa5 21. Na4 Nc4 22. Bf4 Bd6 23. Nxb4 Bxf4 24. gxf4 Qxf4 25. Nc5 Ne5 26. Qb3 Qd4+ 27. Kg2 Qxc5 28. Nxa6 Bxa6 29. Rxa6 Rb8 30. Qc3 Qxc3 31. bxc3 Rb2 32. Rf2 Nc4 33. Re2 Nh5 0-1